História do direito privado moderno (Registo nº 196486)

Detalhes MARC
000 -Etiqueta do registo
Valores 00507nam 22001813 4500
010 ## - Número ISBN
ISBN 972-31-0172-6
100 ## - Dados gerais de processamento
Dados gerais 20250605 pory50
200 ## - Titulo e menção de responsabilidade
Título próprio História do direito privado moderno
Primeira menção de responsabilidade Franz Wieacker
210 ## - Publicação
Local de publicação Lisboa
Nome do editor Fundação Calouste Gulbenkian
Data de publicação [1993]
215 ## - Descrição física 
Paginação / Volumes 768 p.
Outras indicações físicas brochado
Dimensões 22 cm
606 ## - Nome comum usado como assunto
ID Autoridade 7813
Palavra de ordem Direito
675 ## - CDU
Notação 34
Edição PT
Língua por
700 ## - Autor principal (pessoa individual)
ID Autoridade 12578
Apelido Wieacker
Nome Franz
801 ## - Fonte de origem
País PT
Agência BMMN
Regras de catalogação RPC
830 ## - Notas gerais do catalogador
Criado por Fernando
Indexado por Fernando
990 ## - Elementos KOHA
Tipo de documento Livro
Exemplares
Situação do levantamento Biblioteca de origem Código de barras Cota Permissão de empréstimo Tipo de documento Forma de aquisição
  Biblioteca Municipal de Montemor-o-Novo 24403 34 WIE|LG   Livro Compra

Powered by Koha